000 00523nam a2200181Ia 4500
999 _c3559
_d3559
003 OSt
005 20200812103704.0
008 190216s9999||||xx |||||||||||||| ||und||
020 _a9781420079203
040 _coclc
082 _a547
_bSMI/O
100 _aSmith, Michael B
_94060
245 0 _aOrganic Chemistry :
_bAn Acid-Base Approach /
_cMichael B Smith
260 _bC R C Press,
_c2011.
_aLondon:
300 _a1572p
650 _aOrganic Chemistry
942 _cBK
_2ddc
_h547
_iSMI/O
_k547
_mSMI/O